Statistics for Countries Whose Last Letter is a Neighbour's First

Click here to take the quiz!

General Stats

  • This quiz has been taken 307 times
    (272 since last reset)
  • The average score is 16 of 22

Answer Stats

Country Whose Last LetterIs This Country's First% Correct
SwedenNorway
89%
ArmeniaAzerbaijan
83%
BoliviaArgentina
80%
IsraelLebanon
80%
TunisiaAlgeria
80%
LibyaAlgeria
78%
NamibiaAngola
78%
GeorgiaAzerbaijan
76%
SlovakiaAustria
76%
LuxembourgGermany
75%
RussiaAzerbaijan
74%
SloveniaAustria
74%
United Arab EmiratesSaudi Arabia
74%
ChinaAfghanistan
69%
BeninNigeria
68%
North MacedoniaAlbania
68%
MauritaniaAlgeria
67%
MozambiqueEswatini
66%
CameroonNigeria
64%
MaliIvory Coast
64%
ZambiaAngola
64%
Central African RepublicChad
63%

Score Distribution

Percentile by Number Answered

Percent of People with Each Score

Your Score History

You have not taken this quiz since the last reset